000 00762cab a2200265 4500
001 ABS58752
008 090401t1998 xxu||||| |||| 00| 0 eng d
035 _a(Sirsi) u86114
041 _aeng
245 _aLicensed and leisure property
260 _c1998
350 _a0
490 _aEstates Gazette
_vSpring 1998, (34) LOAN
520 _aIncludes articles on themed pubs, ethnic restaurants, health & fitness clubs, sports injury clinics, and pub, restaurants and hotel deals.
650 _aHEALTH CLUBS
650 _aHOTELS
650 _aLEISURE MARKET
650 _aLICENSED PROPERTY
650 _aPUBLIC HOUSES
650 _aRESTAURANTS
650 _aTHEME PUBS
690 _aLEISURE AND RECREATION
942 _n0
948 _c08/05/1998
999 _c54179
_d54179